Logo Quiz Level 2 - Statistics

General Stats
  • This quiz has been taken 90 times
  • The average score is 9 of 16
Answer Stats
Picture Answer % Correct
Artega
85%
Samsung
83%
Zippo
81%
Hyundai
74%
Universal Pictures
70%
Acer
66%
Microsoft Windows
64%
Apple
62%
Angry Birds Stella
58%
Lexmark
58%
Nickelodeon Productions
58%
Nick on CBS
47%
Kinemaster
30%
Viacom International
30%
Samsung Email
23%
Renault Korea
21%
No matching quizzes found
Score Distribution
Percent of People with Each Score
Percentile by Number Answered
Your Score History
You have not taken this quiz